Prepare to repair (Record no. 68341)
[ view plain ]
| 000 -LEADER | |
|---|---|
| fixed length control field | 01727cam a2200289 4500 |
| 001 - CONTROL NUMBER | |
| control field | ABS64572 |
| 008 - FIXED-LENGTH DATA ELEMENTS--GENERAL INFORMATION | |
| fixed length control field | 010924n2001 000 0 eng u |
| 035 ## - SYSTEM CONTROL NUMBER | |
| System control number | (Sirsi) u114795 |
| 245 ## - TITLE STATEMENT | |
| Title | Prepare to repair |
| 260 ## - PUBLICATION, DISTRIBUTION, ETC. | |
| Date of publication, distribution, etc. | 2001 |
| 490 ## - SERIES STATEMENT | |
| Series statement | Estate Agency News |
| Volume/sequential designation | (171) September 2001, 16(1) |
| 520 ## - SUMMARY, ETC. | |
| Summary, etc. | Discusses residential landlords' repairing obligations. Warns that in the absence of any express agreement landlords can no longer say they are not responsible for short let (i.e. less than seven year) residential property repairs. The landlord has a duty of care for those repairing obligations that are expressed or implied in the lease. Discusses what is meant by "repair". Explains there must be some disrepair before the obligation to repair arises. The party under the obligation must also have notice to repair. Looks at relevant case law. Advises letting agents to ensure their agreements contain a clause allowing the landlord to enter the premises for the purpose of viewing their condition and state of repair. Notes that a proper inspection should avoid any suggestion the landlord had knowledge of a defect. |
| 590 ## - LOCAL NOTE (RLIN) | |
| Local note | ABS |
| 650 ## - SUBJECT ADDED ENTRY--TOPICAL TERM | |
| Topical term or geographic name entry element | RESIDENTIAL PROPERTY |
| 9 (RLIN) | 6266 |
| 650 ## - SUBJECT ADDED ENTRY--TOPICAL TERM | |
| Topical term or geographic name entry element | LANDLORDS |
| 650 ## - SUBJECT ADDED ENTRY--TOPICAL TERM | |
| Topical term or geographic name entry element | OBLIGATION TO REPAIR |
| 650 ## - SUBJECT ADDED ENTRY--TOPICAL TERM | |
| Topical term or geographic name entry element | LANDLORD AND TENANT ACT 1985 |
| 650 ## - SUBJECT ADDED ENTRY--TOPICAL TERM | |
| Topical term or geographic name entry element | DEFECTIVE PREMISES ACT 1972 |
| 650 ## - SUBJECT ADDED ENTRY--TOPICAL TERM | |
| Topical term or geographic name entry element | QUICK V TAFF ELY BC |
| 650 ## - SUBJECT ADDED ENTRY--TOPICAL TERM | |
| Topical term or geographic name entry element | STAVES V LEEDS CC 1992 |
| 650 ## - SUBJECT ADDED ENTRY--TOPICAL TERM | |
| Topical term or geographic name entry element | WAINWRIGHT V LEEDS CITY COUNCIL |
| 650 ## - SUBJECT ADDED ENTRY--TOPICAL TERM | |
| Topical term or geographic name entry element | BRITISH TELECOMMUNICATIONS PLC V SUN LIFE ASSURANCE SOCIETY PLC |
| 650 ## - SUBJECT ADDED ENTRY--TOPICAL TERM | |
| Topical term or geographic name entry element | SYKES V HARRY |
| 650 ## - SUBJECT ADDED ENTRY--TOPICAL TERM | |
| Topical term or geographic name entry element | O'BRIEN V ROBINSON |
| 690 ## - LOCAL SUBJECT ADDED ENTRY--TOPICAL TERM (OCLC, RLIN) | |
| Topical term or geographic name as entry element | PROPERTY-RESIDENTIAL PROPERTY-RESIDENTIAL LANDLORD AND TENANT-RESIDENTIAL TENANCIES |
| 942 ## - ADDED ENTRY ELEMENTS (KOHA) | |
| Suppress in OPAC | 0 |
| Withdrawn status | Lost status | Source of classification or shelving scheme | Damaged status | Not for loan | Home library | Current library | Shelving location | Date acquired | Total Checkouts | Full call number | Barcode | Date last seen | Copy number | Price effective from | Koha item type |
|---|---|---|---|---|---|---|---|---|---|---|---|---|---|---|---|
| Dewey Decimal Classification | London | London | Journal article | 24/09/2001 | ABS64572 | 114795-1001 | 06/08/2019 | 1 | 06/08/2019 | Journal article |